| 000 | 00866nam a2200241Ia 4500 | ||
|---|---|---|---|
| 003 | OSt | ||
| 005 | 20220923214155.0 | ||
| 006 | a|||||r|||| 00| 0 | ||
| 007 | ta | ||
| 008 | 220922b |||||||| |||| 00| 0 hin d | ||
| 024 | _a167,639 | ||
| 037 | _cTextual | ||
| 040 |
_aARTS _cARTS _bhin |
||
| 041 |
_2hin _ahin |
||
| 082 | _aO152,1K17:g, K0 | ||
| 100 | _aत्रिभुवन सिंह | ||
| 245 | 0 | _aमहाकवि मतिराम और मध्यकालीन हिन्दी कविता में अलंकरण वृति | |
| 246 | _ahinākavi matirām aur madhyakālīn hindī kavitā mean alankaraṇ vṛuti | ||
| 260 | _c1960 | ||
| 650 |
_aहिन्दी साहित्य _9156264 |
||
| 942 |
_hO152,1K17:g, K0 _cTEXL _2CC |
||
| 999 |
_c322109 _d322109 |
||